| 000 | 00455nam a22001577a 4500 | ||
|---|---|---|---|
| 008 | 140205b xxu||||| |||| 00| 0 eng d | ||
| 020 | _a9-780324-407112 | ||
| 050 | _aHD31.M2815 | ||
| 100 |
_aMadura, Jeff _98054 |
||
| 245 |
_aIntroduction to Business _cJeff Madura |
||
| 250 | _a4th | ||
| 260 |
_aAustralia _bThomson South-Western _c2007 |
||
| 300 |
_axlviii, 745p. _c28cm. |
||
| 650 |
_aIndustrial Management _xbusiness _98055 |
||
| 942 |
_2lcc _cMONOGRAPH |
||
| 999 |
_c119967 _d119967 |
||